Champions League Top Goal Scorers Since 2010 - Statistics

General Stats
  • This quiz has been taken 47 times
  • The average score is 13 of 15
Answer Stats
Hint Answer % Correct
18/19 Messi
100%
11/12 Messi
100%
10/11 Messi
100%
14/15 Messi, Neymar, Ronaldo
100%
17/18 Ronaldo
100%
16/17 Ronaldo
100%
15/16 Ronaldo
100%
13/14 Ronaldo
100%
12/13 Ronaldo
100%
21/22 Benzema
85%
19/20 Lewandowski
85%
22/23 Haaland
83%
20/21 Haaland
83%
23/24 Mbappe, Kane
78%
24/25 Raphinha, Guirassy
28%
No matching quizzes found
Score Distribution
Percent of People with Each Score
Percentile by Number Answered
Your Score History
You have not taken this quiz